| 000 | 00512nam a2200205Ia 4500 | ||
|---|---|---|---|
| 003 | 0100 | ||
| 008 | 130303s9999 xx 000 0 und d | ||
| 020 | _a521660866 | ||
| 040 | _cARRUPELIB | ||
| 050 | _aHQ1240.N872000 | ||
| 100 | _aMartha C. Nussbaum | ||
| 245 | _aWomen and Human Development | ||
| 245 | _bThe capabilities approach | ||
| 260 | _bUniversity press | ||
| 260 | _C2000 | ||
| 300 | _a312p.24cm | ||
| 650 | _bSocial movements Peace movements | ||
| 700 | _aMartha C. Nussbaum | ||
| 942 | 0 | 0 | _011 |
| 999 |
_c12947 _d12947 |
||